Student observation guide with laboratory exercises / (Record no. 29426)

000 -LEADER
fixed length control field 00592 a2200169 4500
020 ## - INTERNATIONAL STANDARD BOOK NUMBER
International Standard Book Number 0136441963
020 ## - INTERNATIONAL STANDARD BOOK NUMBER
International Standard Book Number 9780136441960
090 ## - LOCALLY ASSIGNED LC-TYPE CALL NUMBER (OCLC); LOCAL CALL NUMBER (RLIN)
-- 802
-- 802
100 1# - MAIN ENTRY--PERSONAL NAME
Personal name Holzinger, Joseph.
245 10 - TITLE STATEMENT
Title Student observation guide with laboratory exercises /
Statement of responsibility, etc. Joseph Holzinger, Michael A Seeds.
250 ## - EDITION STATEMENT
Edition statement 2nd ed.
260 ## - PUBLICATION, DISTRIBUTION, ETC.
Place of publication, distribution, etc. [S.l.] :
Name of publisher, distributor, etc. Prentice Hall College Div,
Date of publication, distribution, etc. 1995.
300 ## - PHYSICAL DESCRIPTION
Extent 304 p. ;
Dimensions 28 cm.
700 1# - ADDED ENTRY--PERSONAL NAME
Personal name Seeds, Michael A.
942 ## - ADDED ENTRY ELEMENTS (KOHA)
Institution code [OBSOLETE] SNS
Koha item type Book
Call number prefix 520 SEE
Holdings
Withdrawn status Lost status Damaged status Not for loan Permanent Location Current Location Date acquired Total Checkouts Full call number Barcode Checked out Date last seen Date last checked out Price effective from Koha item type
        School of Natural Sciences (SNS) School of Natural Sciences (SNS) 05/26/2016 1 520 SEE SNS0000969 09/29/2024 08/30/2024 08/30/2024 05/26/2016 Book
© 2023 Central Library, National University of Sciences and Technology. All Rights Reserved.